| 000 | 00501nam a2200181 a 4500 | ||
|---|---|---|---|
| 001 | 1773220478322 | ||
| 003 | YourLibrary | ||
| 005 | 20260311144731.0 | ||
| 008 | 260311s2003##################000#0#eng## | ||
| 020 | _a9788181280411 | ||
| 082 | 0 | 4 |
_a362.1786 _bDAV |
| 100 | 1 |
_aDavies, _eauthor. |
|
| 245 | 1 | 0 | _aRight In The Middle: Selective Trunk Activity In The Treatment Of Adult Hemiplegia : |
| 260 | _c2003. | ||
| 300 | _a242 pages | ||
| 942 | _cENGLISH | ||
| 040 |
_aYourLibrary _beng _cYourLibrary |
||
| 999 |
_c617555 _d617555 |
||